Statistiques concernant Pays les plus grands par population (Europe)

Cliquez ici pour prendre le quiz!

Statistiques générales

  • Ce quiz a été pris 87 fois
  • Le résultat moyen est 15 sur 16

Statistiques - réponses

Nbre d'habitants Pays % Correct
60 millionsItalie
100%
46 millionsEspagne
100%
146 millionsRussie
100%
66 millionsFrance
100%
81 millionsAllemagne
100%
10,3 millionsPortugal
99%
10,8 millionsGrèce
99%
9,7 millionsSuède
98%
38 millionsPologne
98%
64 millionsRoyaume-Uni
98%
42 millionsUkraine
98%
16 millionsPays-Bas
96%
19 millionsRoumanie
96%
9,8 millionsHongrie
94%
11 millionsBelgique
94%
10,5 millionsRépublique Tchèque
72%

Distribution des résultats

Percentile by Number Answered

% des personnes avec chaque résultat

Votre développement - résultats

Vous n’avez pas pris ce quiz